00918 2200313 4500001002100000005001500021035002000036007000300056008004100059020002200100040001200122082002000134084002200154090002600176090002100202100001800223245010000241250002400341260003200365300003000397500005300427650001200480700002000492850001200512041000800524504003000532999002100562990002100583INLIS00000000079439320190710115617 a0010-0818000276ta180809 ind  a978-602-5792-06-9 aYOPDYOG04223a297.4095982 a297.4095982 SIM s aDEP 297.4095982 SIM s aCB-D.11 2018-5550 aSimuh,d1933-1 aSufisme Jawa :btransformasi tasawuf Islam ke mistik Jawa /cSimuh; penyunting, Otto Sukatno CR aCetakan kedua, 2018 aYogyakarta :bNarasi,c2018 avi, 322 halaman ;c21 cm. aDiterbitkan bekerjasama dengan Pustaka Promethea 4aTasawuf0 aOtto Sukatno CR aYOPDYOG0 aind aBibliografi: hlm. 315-321 aCB-D.11/2018-555 aCB-D.11/2018-555